Normal view
MARC view
- قانون اداري
Entry Topical Term
001 - CONTROL NUMBER
- control field: 32307
003 - CONTROL NUMBER IDENTIFIER
- control field: JO-AjAnu
005 - DATE AND TIME OF LATEST TRANSACTION
- control field: 20230606075430.0
008 - FIXED-LENGTH DATA ELEMENTS
- fixed length control field: 230606|| aca||aabn | a|a d
040 ## - CATALOGING SOURCE
- Original cataloging agency: JO-AjAnu
- Transcribing agency: JO-AjAnu
150 ## - HEADING--TOPICAL TERM
- Topical term or geographic name entry element: قانون اداري
670 ## - SOURCE DATA FOUND
- Source citation: Work cat.: (JO-AjAnu)16595: المراكبي ، السيد , author 32306, الحماية القانونية للبيئة من التلوث في قانون البيئة رقم 4 لسنة 1994والمعدل بالقانون رقم 9 لسنة 2009